Un golpe más: los efectos del fin del acuerdo multifarias en Centroamérica y República Dominicana

Bibliographic Details
Main Author: Loarca, Felisa
Format: Section = Libro
Language:Undetermined
Spanish
Published: Managua PASE/IRSTD 2007
Subjects:
LEADER 00688nam a2200193Ia 4500
008 241007s9999||||xx |||||||||||||| ||und||
020 |a 978-99924-0-718-9 
040 |a BIBLIOTECA-RURC/ 331.129 U54 
041 |a spa 
082 |a 331.129 U54 
100 1 |a Loarca, Felisa 
245 1 0 |a Un golpe más: los efectos del fin del acuerdo multifarias en Centroamérica y República Dominicana 
260 |a Managua  |b PASE/IRSTD  |c 2007 
300 |a 462 p. :il. 
650 7 |a LAS TRANSFORMACIONES DE LA INDUSTRIA DE TEXTILES Y VESTUARIO EN CENTROAMERICA Y REPUBLICA DOMINICANA 
650 7 |b  EFECTOS DEL FIN DEL ACUERDO MULTIFIBRA EN LOS TRABAJADORES 
942 |c BK  |2 ddc 
991 |a TEXTO 
999 |c 14281